[Event "Paraguay Gran Prix U2300 07"]
[Site "Paraguay"]
[Date "2013.07.11"]
[Round "2.6"]
[White "Auernheimer, Juan"]
[Black "Lozano, Betania"]
[Result "1/2-1/2"]
[WhiteElo "1840"]
[BlackElo "2066"]
[PlyCount "132"]
[EventDate "2013.07.08"]
[EventType "swiss"]
[EventRounds "9"]
[EventCountry "ARG"]
[SourceTitle "EXT 2024"]
[Source "ChessBase"]
[SourceDate "2023.10.10"]
[SourceVersion "1"]
[SourceVersionDate "2023.10.10"]
[SourceQuality "1"]

1. e4 c5 2. Nf3 e6 3. d4 cxd4 4. Nxd4 a6 5. Nc3 Qc7 6. Be2 Nf6 7. 0-0 Bc5 8. Be3 b5 9. a3 Bb7 10. Ndxb5 axb5 11. Nxb5 Qb6 12. Bxc5 Qxc5 13. Nd6+ Ke7 14. Nxb7 Qb6 15. e5 Ne8 16. Nd6 Nxd6 17. exd6+ Qxd6 18. Qxd6+ Kxd6 19. Rfd1+ Ke7 20. c4 Rc8 21. b4 d6 22. f4 Nd7 23. Rdc1 Nb6 24. Kf2 Rc7 25. c5 dxc5 26. bxc5 Nd7 27. c6 Nb8 28. Bb5 Kd6 29. Ra2 Nxc6 30. Rd2+ Ke7 31. Rxc6 Rxc6 32. Bxc6 Rxa3 33. Bf3 Ra7 34. h3 h6 35. Rb2 Ra4 36. g3 Rc4 37. Rb7+ Kf6 38. Rd7 Rc3 39. Ke2 Rc2+ 40. Ke3 g6 41. h4 h5 42. Rd3 Rc7 43. g4 hxg4 44. Bxg4 Rc4 45. Kf3 Rc7 46. Kg3 Re7 47. Re3 Rc7 48. h5 gxh5 49. Bxh5 Rc5 50. Bg4 Rd5 51. Rc3 Rd7 52. Rc5 Rd3+ 53. Bf3 Rd4 54. Rc7 Rd3 55. Kf2 Rd2+ 56. Ke3 Rh2 57. Bb7 Rh7 58. Ke4 Rh1 59. Ba6 Re1+ 60. Kf3 Rh1 61. Bb5 Rh7 62. Ke4 Rh5 63. Be8 Rh7 64. Rd7 Rg7 65. Rd2 Ke7 66. Bc6 Kf6 1/2-1/2

[Event "Buenos Aires Duchamp Memorial op 4th"]
[Site "Buenos Aires"]
[Date "2012.10.31"]
[Round "9"]
[White "Auernheimer, Juan"]
[Black "Gomez Camacho, Lilen"]
[Result "1-0"]
[WhiteElo "1897"]
[BlackElo "1542"]
[PlyCount "105"]
[EventDate "2012.10.22"]
[EventType "swiss"]
[EventRounds "9"]
[EventCountry "ARG"]
[SourceTitle "EXT 2013"]
[Source "ChessBase"]
[SourceDate "2012.11.22"]
[SourceVersion "1"]
[SourceVersionDate "2012.11.22"]
[SourceQuality "1"]

1. e4 e5 2. Nf3 Nc6 3. d4 exd4 4. Nxd4 Bc5 5. Be3 Qf6 6. c3 Nge7 7. Bc4 Bb6 8. 0-0 0-0 9. f4 Nxd4 10. cxd4 d5 11. e5 Qg6 12. Be2 Bf5 13. Bh5 Qe6 14. Nc3 Nc6 15. Bf3 Rad8 16. Na4 Qg6 17. Bh5 Qe6 18. Nxb6 axb6 19. Rc1 Be4 20. h3 Rd7 21. Rc3 f5 22. exf6 Qxf6 23. Kh2 Ne7 24. Bg4 Bf5 25. Bf3 Qg6 26. g4 Be4 27. f5 Bxf3 28. Rxf3 Qf7 29. Bf4 Nc8 30. Qc1 c6 31. Rce3 Nd6 32. Bxd6 Rxd6 33. Qe1 Rd7 34. Re6 g6 35. Qe5 Qg7 36. f6 Qh6 37. g5 Qh5 38. Re3 Rdf7 39. Re8 Qd1 40. Re1 Qd2+ 41. Re2 Qb4 42. a3 Rxe8 43. Qxe8+ Qf8 44. Qe5 Qc8 45. Kg3 Qc7 46. Qxc7 Rxc7 47. Kf4 Kf8 48. h4 Rc8 49. Re7 Re8 50. Rxe8+ Kxe8 51. Ke5 Kd7 52. a4 b5 53. a5 1-0

[Event "Buenos Aires Duchamp Memorial op 4th"]
[Site "Buenos Aires"]
[Date "2012.10.30"]
[Round "8"]
[White "Gomez Camacho, Micaela"]
[Black "Auernheimer, Juan"]
[Result "1-0"]
[WhiteElo "1721"]
[BlackElo "1897"]
[PlyCount "98"]
[EventDate "2012.10.22"]
[EventType "swiss"]
[EventRounds "9"]
[EventCountry "ARG"]
[SourceTitle "EXT 2013"]
[Source "ChessBase"]
[SourceDate "2012.11.22"]
[SourceVersion "1"]
[SourceVersionDate "2012.11.22"]
[SourceQuality "1"]

1. e4 e5 2. Nf3 Nc6 3. Bc4 Bc5 4. c3 Nf6 5. d3 d6 6. Bb3 a6 7. Nbd2 Ba7 8. Nf1 Be6 9. Bc2 d5 10. Qe2 dxe4 11. dxe4 Ng4 12. Ne3 Qf6 13. h3 Nxe3 14. Bxe3 Bxe3 15. fxe3 0-0 16. 0-0 Qe7 17. Rad1 Qc5 18. Bb3 Bxb3 19. axb3 Rad8 20. b4 Qe7 21. Rd5 f6 22. Rfd1 Nb8 23. Qd3 Rc8 24. Ne1 g6 25. Nc2 f5 26. c4 Kg7 27. exf5 Rxf5 28. Qe4 Re8 29. c5 Rf7 30. Ne1 Qf6 31. Nf3 Nc6 32. Rd7 Ree7 33. Rxe7 Rxe7 34. g4 Rf7 35. Rf1 Qe7 36. Kg2 h6 37. Qc4 Qd7 38. e4 g5 39. b5 axb5 40. Qxb5 Rf4 41. Qe2 Nd4 42. Qd3 Qa4 43. Nxe5 Rxf1 44. Qxf1 Qc2+ 45. Kg3 Ne2+ 46. Kf3 Nd4+ 47. Ke3 Qb3+ 48. Kxd4 Qxb2+ 49. Kd5 c6+ 1-0

[Event "Buenos Aires Duchamp Memorial op 4th"]
[Site "Buenos Aires"]
[Date "2012.10.29"]
[Round "7"]
[White "Auernheimer, Juan"]
[Black "Flynn, Mariano"]
[Result "0-1"]
[WhiteElo "1897"]
[BlackElo "2073"]
[PlyCount "48"]
[EventDate "2012.10.22"]
[EventType "swiss"]
[EventRounds "9"]
[EventCountry "ARG"]
[SourceTitle "EXT 2013"]
[Source "ChessBase"]
[SourceDate "2012.11.22"]
[SourceVersion "1"]
[SourceVersionDate "2012.11.22"]
[SourceQuality "1"]

1. e4 c5 2. Nf3 d6 3. d4 cxd4 4. Nxd4 Nf6 5. Nc3 g6 6. Be2 Bg7 7. 0-0 0-0 8. Bg5 Nc6 9. Nb3 a6 10. f4 b5 11. Bf3 Bb7 12. Kh1 Nd7 13. Qe1 Re8 14. Rd1 b4 15. Nd5 a5 16. e5 dxe5 17. Nb6 Qxb6 18. Rxd7 Ba6 19. Qf2 Qb5 20. Rfd1 a4 21. R1d5 axb3 22. Rxb5 bxa2 23. Rd1 Bxb5 24. Ra1 e4 0-1